Представление документа в формате MARC21

Поле Инд. ПП Название Значение
Тип записи a
Библиографический уровень m
001 Контрольный номер c93c30439fb642b598e86a1f922ed51e
005 Дата корректировки 20210203211525.9
008 Кодируемые данные 210203s1987 ru |||||||||||000|||rus|d
040 a Служба первич. каталог. ЦГБ г. В. Луки
b Код языка каталог. rus
041 0_ a Код языка текста rus
084 2 Источник индекса rubbk
a Индекс другой классификации/Индекс ББК 65.8
090 x Авторский знак М 63
j Имя библиотеки ЦГБ г. В. Луки
097 b Оператор КЕИ-р
245 10 a Заглавие Мир социализма в цифрах и фактах
b Продолж. заглавия справочник
260 a Место издания Москва
b Издательство Политиздат
c Дата издания 1987
300 a Объем 174 с.
650 14 a Основная рубрика Экономика
653 1_ a Ключевые слова экономика
901 t Тип документа m